| 000 -LEADER |
| fixed length control field |
00954cam a22002897a 4500 |
| 001 - CONTROL NUMBER |
| control field |
16640352 |
| 005 - DATE AND TIME OF LATEST TRANSACTION |
| control field |
20180213083619.0 |
| 008 - FIXED-LENGTH DATA ELEMENTS--GENERAL INFORMATION |
| fixed length control field |
110207s2011 nyua b 001 0 eng d |
| 010 ## - LIBRARY OF CONGRESS CONTROL NUMBER |
| LC control number |
2011922375 |
| 020 ## - INTERNATIONAL STANDARD BOOK NUMBER |
| International Standard Book Number |
9781617790737 |
| 020 ## - INTERNATIONAL STANDARD BOOK NUMBER |
| International Standard Book Number |
1617790737 |
| 035 ## - SYSTEM CONTROL NUMBER |
| System control number |
(OCoLC)ocn703374714 |
| 040 ## - CATALOGING SOURCE |
| Original cataloging agency |
YDXCP |
| Transcribing agency |
YDXCP |
| Modifying agency |
CUS |
| -- |
RML |
| -- |
DLC |
| 041 ## - LANGUAGE CODE |
| Language code of text/sound track or separate title |
eng |
| 042 ## - AUTHENTICATION CODE |
| Authentication code |
lccopycat |
| 060 #4 - NATIONAL LIBRARY OF MEDICINE CALL NUMBER |
| Classification number |
QZ 25 C216 2011 |
| 080 ## - UNIVERSAL DECIMAL CLASSIFICATION NUMBER |
| Universal Decimal Classification number |
573 REE |
| 082 ## - DEWEY DECIMAL CLASSIFICATION NUMBER |
| Classification number |
573 REE |
| 100 ## - Rafti |
| Rafti |
11 |
| 101 ## - Shkurtesa |
| Shkurtesa |
BIO |
| 245 00 - TITLE STATEMENT |
| Title |
Cancer cytogenetics : |
| Statement of responsibility, etc |
edited by Lynda J. Campbell.. |
| 504 ## - BIBLIOGRAPHY, ETC. NOTE |
| Bibliography, etc |
Includes bibliographical references and index. |
| 776 08 - ADDITIONAL PHYSICAL FORM ENTRY |
| Display text |
Online version: |
| Title |
Cancer cytogenetics. |
| Edition |
2nd ed. |
| Place, publisher, and date of publication |
New York, N.Y. : Humana Press, c2011 |
| Record control number |
(OCoLC)709610238 |
| 906 ## - LOCAL DATA ELEMENT F, LDF (RLIN) |
| a |
7 |
| b |
cbc |
| c |
copycat |
| d |
2 |
| e |
ncip |
| f |
20 |
| g |
y-gencatlg |
| 942 ## - ADDED ENTRY ELEMENTS (KOHA) |
| Source of classification or shelving scheme |
|
| Item type |
Books |